000 00390nam a22001577a 4500
003 Macl
005 20170607124650.0
008 170607b xxu||||| |||| 00| 0 eng d
040 _cMacl
082 _a823
100 _aTiwana Dalip kumar
_967325
245 _aTell The Tale,Urvashi
260 _aNew Delhi
_borient Blackswan Private Ltd
_c2016
650 _aNovel
_967326
942 _2ddc
_cBK
999 _c56445
_d56445